Garhwali Hindi Muhavara Kosh (Record no. 59695)
[ view plain ]
| 000 -LEADER | |
|---|---|
| fixed length control field | 00488nam a22001817a 4500 |
| 005 - DATE & TIME | |
| control field | 20250416115059.0 |
| 008 - FIXED-LENGTH DATA ELEMENTS--GENERAL INFORMATION | |
| fixed length control field | 250416b |||||||| |||| 00| 0 eng d |
| 020 ## - ISBN | |
| Price | 500.00 |
| 040 ## - CATALOGING SOURCE | |
| Original cataloging agency | Doon University |
| 041 ## - Language | |
| Language | Hindi |
| 082 ## - DDC NUMBER | |
| Classification number | 498.9 |
| Book Number | AJA |
| 100 ## - MAIN ENTRY--PERSONAL NAME | |
| Personal name | Ajaad, Chandrashekhar |
| 245 ## - TITLE STATEMENT | |
| Title | Garhwali Hindi Muhavara Kosh |
| Sub Title | : Dictionary of Garhwali Hindi Idioms |
| 260 ## - PUBLICATION, DISTRIBUTION, ETC. (IMPRINT) | |
| Place of publication, distribution, etc | New Delhi |
| Name of publisher, distributor, etc | Takshashila |
| Date of publication, distribution, etc | 1989 |
| 300 ## - PHYSICAL DESCRIPTION | |
| Pages | 283 |
| 650 ## - Subject | |
| Subject | Theater |
| -- | MA Theater |
| 942 ## - ADDED ENTRY ELEMENTS (KOHA) | |
| Koha item type | Books |
| 100 ## - MAIN ENTRY--PERSONAL NAME | |
| -- | 25619 |
| 650 ## - Subject | |
| -- | 18467 |
| 952 ## - LOCATION AND ITEM INFORMATION (KOHA) | |
| -- | 2026-04-16 |
| -- | 2025-04-16 |
| Withdrawn status | Lost status | Source of classification or shelving scheme | Damaged status | Not for loan | Location (home branch) | Sublocation or collection (holding branch) | Date acquired | Koha issues (times borrowed) | Koha full call number | Accession No. | Koha date last seen | Koha item type |
|---|---|---|---|---|---|---|---|---|---|---|---|---|
| Doon University | Doon University | 16.04.2025 | 5 | 498.9 AJA | 50758 | 04.05.2026 | Books |